01681nam a2200445 i 450000100060000000300080000600500170001400600190003100700150005000800410006502000180010602000280012403500220015204000310017405000240020508000190022908000120024808000160026008200160027610000500029224501140034226400300045630000580048633600310054433700330057533800430060850400410065158800830069259001620077565000370093765000240097465000160099865000290101465000320104365000350107565500270111079700180113785600630115599900170121864155FINmELB20241217142411.0m o u cr cn|||||||||210804s2011 sp a ob 000 0 spa d a9788497292887 a9788497295901q(e-book) a(OCoLC)1265042857 aFINmELBbspaerdacFINmELB 4aGV191.63bM378 2011 a338.488:379.81 a371.388 a379.8-053.204a796.0832231 aMartínez Olmo, Juan Jesús,d1967-eautor.10aAnimación y recreación :bturística, escolar y extraescolar : Animaula /cJuan Jesús Martínez Olmo. 1aBarcelona :bINDE,c2011. a1 recurso en línea (264 páginas) :bilustraciones atextobtxt2rdacontent/spa acomputadorabc2rdamedia/spa arecurso en líneabcr2rdacarrier/spa aBibliografía: páginas [263]-264. aDescripción basada en metadatos suministrados por el editor y otras fuentes. aRecurso electrónico. Santa Fe, Arg.: elibro, 2021. Disponible vía World Wide Web. El acceso puede estar limitado para las bibliotecas afiliadas a elibro. 0aOutdoor recreation for children. 0aCultural animation. 0aRecreation. 4aAnimación turística. 4aActividades extraescolares. 4aNiñosxActividad recreativa. 4aLibros electrónicos.2 aelibro, Corp.40uhttps://elibro.net/ereader/politecnicointernacional/175002 c64155d64155